| 000 | 00429nam a2200169Ia 4500 | ||
|---|---|---|---|
| 003 | GCL | ||
| 008 | 140319s9999 xx 000 0 eng d | ||
| 040 |
_aGCL / _cGCL |
||
| 082 | 0 | 4 |
_a370.15 _bC E |
| 100 | 1 | _aCHAND, TARA | |
| 245 | 1 | 0 |
_aEDUCATIONAL PSYCHOLOGY / _cCHAND, TARA |
| 260 |
_a[S.N] : _bANNOL PUBLICATIONS ، _c1993 |
||
| 300 | _a283 P | ||
| 650 | 0 | 4 | _aEDUCATION |
| 650 | 0 | 4 | _aEDUCATIONAL PSYCHOLOGY |
| 942 |
_2ddc _cBK |
||
| 999 |
_c25114 _d25114 |
||